Statistics for 快速数学 - 加法

Click here to take the quiz!

General Stats

  • This quiz has been taken 1 138 times
  • The average score is 19 of 20

Answer Stats

   问题   % Correct
13 + 87100
100%
15 + 85100
100%
19 + 82101
100%
24 + 77101
100%
16 + 85101
100%
5 + 96101
100%
18 + 84102
100%
35 + 68103
100%
20 + 83103
100%
10 + 93103
100%
1 + 102103
100%
4 + 100104
100%
27 + 77104
100%
3 + 101104
100%
51 + 54105
100%
8 + 97105
100%
12 + 93105
100%
33 + 72105
100%
1 + 105106
100%
39 + 67106
100%
23 + 84107
100%
35 + 72107
100%
4 + 103107
100%
9 + 98107
100%
2 + 105107
100%
11 + 96107
100%
6 + 102108
100%
28 + 80108
100%
53 + 55108
100%
39 + 70109
100%
32 + 77109
100%
31 + 78109
100%
4 + 711
100%
3 + 811
100%
22 + 88110
100%
41 + 69110
100%
5 + 105110
100%
37 + 73110
100%
9 + 101110
100%
2 + 109111
100%
8 + 104112
100%
17 + 95112
100%
28 + 84112
100%
46 + 67113
100%
7 + 106113
100%
39 + 74113
100%
53 + 60113
100%
3 + 110113
100%
26 + 87113
100%
4 + 110114
100%
26 + 88114
100%
12 + 103115
100%
33 + 82115
100%
27 + 88115
100%
2 + 113115
100%
1 + 114115
100%
11 + 105116
100%
7 + 110117
100%
4 + 113117
100%
10 + 108118
100%
2 + 116118
100%
15 + 103118
100%
21 + 98119
100%
14 + 105119
100%
5 + 114119
100%
9 + 110119
100%
40 + 79119
100%
3 + 117120
100%
29 + 91120
100%
7 + 113120
100%
2 + 119121
100%
1 + 120121
100%
8 + 113121
100%
6 + 115121
100%
19 + 102121
100%
31 + 90121
100%
16 + 105121
100%
19 + 103122
100%
3 + 119122
100%
54 + 68122
100%
43 + 79122
100%
8 + 115123
100%
3 + 120123
100%
2 + 121123
100%
25 + 99124
100%
22 + 102124
100%
19 + 105124
100%
4 + 120124
100%
5 + 119124
100%
12 + 112124
100%
20 + 104124
100%
9 + 115124
100%
35 + 91126
100%
2 + 124126
100%
3 + 123126
100%
6 + 121127
100%
7 + 120127
100%
38 + 89127
100%
4 + 123127
100%
13 + 115128
100%
34 + 94128
100%
29 + 100129
100%
30 + 99129
100%
1 + 128129
100%
7 + 122129
100%
36 + 94130
100%
28 + 102130
100%
1 + 129130
100%
8 + 123131
100%
43 + 88131
100%
24 + 107131
100%
2 + 129131
100%
4 + 127131
100%
3 + 128131
100%
17 + 114131
100%
11 + 120131
100%
9 + 122131
100%
49 + 83132
100%
21 + 111132
100%
2 + 130132
100%
4 + 128132
100%
64 + 68132
100%
5 + 128133
100%
54 + 79133
100%
14 + 119133
100%
48 + 85133
100%
10 + 123133
100%
17 + 117134
100%
45 + 89134
100%
9 + 126135
100%
49 + 86135
100%
43 + 92135
100%
27 + 108135
100%
15 + 121136
100%
5 + 131136
100%
21 + 115136
100%
14 + 122136
100%
2 + 134136
100%
26 + 111137
100%
22 + 115137
100%
59 + 78137
100%
32 + 105137
100%
3 + 134137
100%
6 + 131137
100%
6 + 132138
100%
5 + 133138
100%
7 + 131138
100%
11 + 128139
100%
8 + 131139
100%
7 + 132139
100%
19 + 120139
100%
7 + 714
100%
3 + 1114
100%
1 + 1314
100%
18 + 122140
100%
4 + 136140
100%
46 + 95141
100%
19 + 122141
100%
31 + 111142
100%
4 + 138142
100%
9 + 133142
100%
65 + 78143
100%
47 + 96143
100%
5 + 138143
100%
37 + 106143
100%
12 + 132144
100%
18 + 126144
100%
3 + 141144
100%
7 + 137144
100%
70 + 74144
100%
27 + 118145
100%
33 + 112145
100%
13 + 132145
100%
8 + 138146
100%
12 + 134146
100%
14 + 133147
100%
25 + 122147
100%
49 + 99148
100%
8 + 140148
100%
6 + 142148
100%
29 + 119148
100%
11 + 138149
100%
16 + 133149
100%
5 + 144149
100%
8 + 141149
100%
5 + 1015
100%
20 + 130150
100%
3 + 147150
100%
5 + 145150
100%
15 + 135150
100%
9 + 141150
100%
39 + 111150
100%
32 + 119151
100%
57 + 95152
100%
11 + 141152
100%
4 + 148152
100%
44 + 108152
100%
5 + 147152
100%
10 + 142152
100%
36 + 117153
100%
38 + 115153
100%
8 + 145153
100%
31 + 123154
100%
2 + 152154
100%
8 + 146154
100%
27 + 127154
100%
30 + 125155
100%
48 + 107155
100%
45 + 110155
100%
9 + 146155
100%
41 + 114155
100%
29 + 126155
100%
3 + 153156
100%
15 + 141156
100%
50 + 106156
100%
16 + 140156
100%
5 + 151156
100%
35 + 121156
100%
16 + 141157
100%
62 + 95157
100%
13 + 144157
100%
17 + 140157
100%
23 + 134157
100%
40 + 118158
100%
1 + 157158
100%
6 + 152158
100%
20 + 138158
100%
8 + 150158
100%
12 + 146158
100%
11 + 147158
100%
7 + 152159
100%
4 + 155159
100%
31 + 128159
100%
30 + 129159
100%
26 + 133159
100%
3 + 156159
100%
2 + 1416
100%
3 + 157160
100%
50 + 110160
100%
24 + 136160
100%
44 + 116160
100%
19 + 141160
100%
2 + 159161
100%
51 + 110161
100%
18 + 143161
100%
65 + 97162
100%
52 + 110162
100%
17 + 146163
100%
7 + 156163
100%
9 + 154163
100%
63 + 100163
100%
55 + 109164
100%
35 + 129164
100%
42 + 122164
100%
8 + 156164
100%
75 + 89164
100%
3 + 162165
100%
58 + 107165
100%
9 + 157166
100%
30 + 136166
100%
66 + 100166
100%
28 + 138166
100%
56 + 110166
100%
16 + 150166
100%
10 + 156166
100%
53 + 114167
100%
4 + 163167
100%
19 + 148167
100%
2 + 166168
100%
23 + 145168
100%
30 + 138168
100%
13 + 155168
100%
6 + 162168
100%
33 + 137170
100%
10 + 160170
100%
4 + 166170
100%
5 + 166171
100%
6 + 165171
100%
17 + 154171
100%
22 + 149171
100%
3 + 168171
100%
76 + 95171
100%
39 + 132171
100%
7 + 165172
100%
8 + 164172
100%
18 + 154172
100%
1 + 171172
100%
21 + 152173
100%
59 + 114173
100%
72 + 101173
100%
9 + 164173
100%
4 + 169173
100%
7 + 167174
100%
67 + 107174
100%
37 + 137174
100%
25 + 149174
100%
15 + 160175
100%
20 + 155175
100%
25 + 150175
100%
12 + 163175
100%
8 + 168176
100%
3 + 173176
100%
7 + 169176
100%
20 + 157177
100%
3 + 174177
100%
70 + 107177
100%
35 + 143178
100%
20 + 158178
100%
2 + 176178
100%
6 + 172178
100%
11 + 167178
100%
4 + 175179
100%
39 + 140179
100%
6 + 173179
100%
26 + 153179
100%
43 + 136179
100%
1 + 179180
100%
72 + 108180
100%
11 + 169180
100%
58 + 122180
100%
51 + 130181
100%
86 + 95181
100%
58 + 123181
100%
5 + 176181
100%
14 + 167181
100%
10 + 172182
100%
1 + 181182
100%
9 + 173182
100%
42 + 141183
100%
9 + 174183
100%
29 + 155184
100%
27 + 157184
100%
8 + 176184
100%
19 + 165184
100%
1 + 183184
100%
3 + 181184
100%
13 + 172185
100%
62 + 123185
100%
7 + 178185
100%
85 + 101186
100%
4 + 182186
100%
49 + 137186
100%
17 + 169186
100%
5 + 181186
100%
24 + 163187
100%
58 + 129187
100%
53 + 134187
100%
50 + 137187
100%
15 + 172187
100%
30 + 157187
100%
21 + 166187
100%
43 + 144187
100%
52 + 136188
100%
7 + 181188
100%
2 + 186188
100%
37 + 151188
100%
18 + 170188
100%
6 + 182188
100%
31 + 158189
100%
16 + 173189
100%
5 + 184189
100%
1 + 1819
100%
1 + 189190
100%
32 + 158190
100%
15 + 176191
100%
17 + 174191
100%
9 + 182191
100%
35 + 156191
100%
28 + 165193
100%
4 + 189193
100%
48 + 145193
100%
84 + 109193
100%
47 + 146193
100%
4 + 190194
100%
61 + 134195
100%
71 + 124195
100%
5 + 190195
100%
8 + 188196
100%
32 + 164196
100%
13 + 183196
100%
7 + 189196
100%
37 + 159196
100%
40 + 156196
100%
55 + 141196
100%
1 + 195196
100%
34 + 163197
100%
23 + 174197
100%
41 + 157198
100%
2 + 196198
100%
56 + 142198
100%
11 + 187198
100%
97 + 102199
100%
54 + 145199
100%
83 + 116199
100%
57 + 142199
100%
3 + 196199
100%
5 + 1520
100%
6 + 1420
100%
46 + 154200
100%
17 + 183200
100%
44 + 156200
100%
22 + 178200
100%
45 + 155200
100%
1 + 200201
100%
34 + 167201
100%
16 + 185201
100%
14 + 187201
100%
13 + 188201
100%
15 + 186201
100%
9 + 192201
100%
3 + 198201
100%
75 + 126201
100%
4 + 198202
100%
19 + 183202
100%
7 + 195202
100%
33 + 169202
100%
8 + 195203
100%
64 + 139203
100%
5 + 198203
100%
51 + 152203
100%
69 + 134203
100%
80 + 123203
100%
6 + 197203
100%
21 + 183204
100%
24 + 181205
100%
19 + 186205
100%
60 + 145205
100%
68 + 137205
100%
66 + 139205
100%
7 + 198205
100%
2 + 203205
100%
4 + 202206
100%
31 + 175206
100%
65 + 141206
100%
55 + 151206
100%
2 + 205207
100%
19 + 188207
100%
30 + 177207
100%
11 + 196207
100%
29 + 178207
100%
12 + 195207
100%
20 + 188208
100%
5 + 203208
100%
2 + 206208
100%
77 + 131208
100%
2 + 207209
100%
18 + 191209
100%
4 + 205209
100%
9 + 200209
100%
63 + 146209
100%
52 + 157209
100%
8 + 201209
100%
22 + 187209
100%
4 + 1721
100%
3 + 207210
100%
84 + 126210
100%
36 + 174210
100%
10 + 201211
100%
73 + 138211
100%
6 + 205211
100%
43 + 168211
100%
50 + 162212
100%
81 + 131212
100%
7 + 206213
100%
9 + 205214
100%
49 + 165214
100%
74 + 140214
100%
20 + 195215
100%
55 + 160215
100%
8 + 207215
100%
35 + 180215
100%
15 + 200215
100%
4 + 211215
100%
67 + 148215
100%
14 + 202216
100%
45 + 171216
100%
7 + 209216
100%
38 + 179217
100%
58 + 159217
100%
10 + 207217
100%
50 + 167217
100%
11 + 207218
100%
39 + 179218
100%
3 + 215218
100%
19 + 199218
100%
18 + 200218
100%
2 + 216218
100%
48 + 170218
100%
5 + 213218
100%
47 + 172219
100%
29 + 190219
100%
43 + 176219
100%
4 + 1822
100%
9 + 1322
100%
5 + 1722
100%
11 + 1122
100%
2 + 2022
100%
94 + 126220
100%
62 + 158220
100%
13 + 207220
100%
3 + 218221
100%
6 + 215221
100%
1 + 220221
100%
9 + 213222
100%
17 + 205222
100%
7 + 215222
100%
26 + 197223
100%
24 + 199223
100%
12 + 211223
100%
23 + 200223
100%
44 + 179223
100%
9 + 214223
100%
2 + 221223
100%
50 + 174224
100%
26 + 199225
100%
42 + 183225
100%
6 + 219225
100%
4 + 221225
100%
3 + 222225
100%
25 + 200225
100%
27 + 199226
100%
72 + 154226
100%
10 + 217227
100%
8 + 219227
100%
20 + 207227
100%
17 + 210227
100%
31 + 196227
100%
91 + 136227
100%
5 + 223228
100%
4 + 224228
100%
2 + 226228
100%
28 + 200228
100%
3 + 225228
100%
7 + 221228
100%
74 + 154228
100%
23 + 205228
100%
21 + 208229
100%
16 + 213229
100%
19 + 210229
100%
3 + 2023
100%
6 + 1723
100%
27 + 203230
100%
11 + 219230
100%
1 + 229230
100%
79 + 151230
100%
89 + 141230
100%
8 + 222230
100%
92 + 138230
100%
18 + 212230
100%
33 + 198231
100%
36 + 195231
100%
38 + 193231
100%
5 + 226231
100%
16 + 215231
100%
34 + 197231
100%
17 + 214231
100%
1 + 230231
100%
11 + 220231
100%
29 + 203232
100%
16 + 217233
100%
78 + 155233
100%
3 + 230233
100%
23 + 210233
100%
117 + 117234
100%
6 + 228234
100%
91 + 143234
100%
32 + 202234
100%
54 + 180234
100%
57 + 177234
100%
40 + 195235
100%
80 + 155235
100%
22 + 213235
100%
41 + 194235
100%
30 + 205235
100%
99 + 136235
100%
28 + 207235
100%
64 + 171235
100%
23 + 212235
100%
6 + 229235
100%
25 + 211236
100%
84 + 152236
100%
37 + 199236
100%
12 + 224236
100%
5 + 232237
100%
19 + 218237
100%
51 + 186237
100%
4 + 234238
100%
8 + 230238
100%
7 + 231238
100%
9 + 229238
100%
2 + 236238
100%
1 + 237238
100%
13 + 225238
100%
87 + 152239
100%
53 + 186239
100%
75 + 164239
100%
7 + 1724
100%
63 + 177240
100%
6 + 234240
100%
3 + 237240
100%
19 + 221240
100%
32 + 209241
100%
24 + 217241
100%
109 + 132241
100%
7 + 235242
100%
101 + 141242
100%
76 + 166242
100%
2 + 241243
100%
38 + 205243
100%
7 + 236243
100%
11 + 232243
100%
5 + 238243
100%
9 + 234243
100%
23 + 221244
100%
88 + 156244
100%
107 + 137244
100%
14 + 231245
100%
25 + 220245
100%
11 + 234245
100%
1 + 244245
100%
46 + 200246
100%
55 + 191246
100%
56 + 190246
100%
17 + 229246
100%
6 + 240246
100%
20 + 227247
100%
39 + 208247
100%
22 + 225247
100%
2 + 245247
100%
18 + 229247
100%
4 + 244248
100%
19 + 229248
100%
5 + 243248
100%
26 + 222248
100%
3 + 245248
100%
77 + 172249
100%
16 + 233249
100%
55 + 194249
100%
90 + 159249
100%
15 + 234249
100%
21 + 229250
100%
74 + 176250
100%
33 + 217250
100%
112 + 138250
100%
35 + 215250
100%
19 + 232251
100%
8 + 243251
100%
68 + 183251
100%
9 + 242251
100%
47 + 204251
100%
17 + 235252
100%
11 + 241252
100%
39 + 213252
100%
57 + 196253
100%
7 + 247254
100%
8 + 246254
100%
1 + 254255
100%
37 + 218255
100%
100 + 155255
100%
18 + 237255
100%
27 + 229256
100%
4 + 252256
100%
5 + 251256
100%
36 + 220256
100%
2 + 254256
100%
40 + 216256
100%
33 + 223256
100%
8 + 248256
100%
15 + 241256
100%
6 + 250256
100%
8 + 249257
100%
3 + 254257
100%
1 + 256257
100%
38 + 219257
100%
55 + 203258
100%
86 + 172258
100%
15 + 243258
100%
25 + 233258
100%
48 + 210258
100%
29 + 229258
100%
3 + 255258
100%
43 + 216259
100%
73 + 186259
100%
66 + 193259
100%
42 + 217259
100%
3 + 2326
100%
11 + 1526
100%
2 + 2426
100%
8 + 1826
100%
13 + 247260
100%
51 + 209260
100%
125 + 135260
100%
83 + 178261
100%
4 + 257261
100%
9 + 252261
100%
5 + 256261
100%
45 + 216261
100%
1 + 260261
100%
6 + 255261
100%
35 + 227262
100%
57 + 205262
100%
34 + 228262
100%
9 + 253262
100%
39 + 224263
100%
6 + 257263
100%
11 + 252263
100%
14 + 249263
100%
7 + 257264
100%
8 + 256264
100%
1 + 263264
100%
2 + 262264
100%
17 + 248265
100%
16 + 249265
100%
22 + 243265
100%
38 + 228266
100%
3 + 263266
100%
120 + 146266
100%
13 + 253266
100%
88 + 179267
100%
36 + 231267
100%
7 + 260267
100%
42 + 225267
100%
1 + 266267
100%
47 + 220267
100%
85 + 183268
100%
27 + 241268
100%
72 + 196268
100%
24 + 245269
100%
6 + 263269
100%
95 + 174269
100%
5 + 2227
100%
26 + 244270
100%
24 + 246270
100%
3 + 267270
100%
60 + 210270
100%
74 + 196270
100%
17 + 253270
100%
44 + 227271
100%
4 + 267271
100%
36 + 235271
100%
9 + 263272
100%
8 + 264272
100%
34 + 238272
100%
38 + 235273
100%
21 + 252273
100%
31 + 242273
100%
23 + 250273
100%
24 + 249273
100%
105 + 168273
100%
18 + 256274
100%
2 + 272274
100%
1 + 273274
100%
58 + 216274
100%
20 + 254274
100%
30 + 244274
100%
3 + 271274
100%
33 + 242275
100%
34 + 241275
100%
50 + 225275
100%
51 + 224275
100%
65 + 210275
100%
69 + 207276
100%
109 + 167276
100%
3 + 273276
100%
1 + 276277
100%
4 + 273277
100%
25 + 252277
100%
27 + 250277
100%
124 + 153277
100%
10 + 267277
100%
33 + 244277
100%
5 + 272277
100%
30 + 247277
100%
38 + 239277
100%
6 + 271277
100%
2 + 276278
100%
21 + 257278
100%
56 + 222278
100%
36 + 242278
100%
9 + 269278
100%
11 + 267278
100%
96 + 183279
100%
28 + 251279
100%
1 + 278279
100%
5 + 2328
100%
97 + 183280
100%
80 + 200280
100%
5 + 275280
100%
3 + 277280
100%
4 + 276280
100%
106 + 174280
100%
29 + 251280
100%
14 + 266280
100%
32 + 249281
100%
19 + 262281
100%
12 + 270282
100%
99 + 183282
100%
101 + 181282
100%
121 + 162283
100%
40 + 243283
100%
8 + 275283
100%
67 + 216283
100%
97 + 186283
100%
3 + 281284
100%
9 + 275284
100%
82 + 202284
100%
41 + 243284
100%
6 + 278284
100%
114 + 170284
100%
44 + 240284
100%
7 + 278285
100%
18 + 267285
100%
9 + 276285
100%
31 + 255286
100%
78 + 208286
100%
7 + 279286
100%
8 + 279287
100%
12 + 275287
100%
1 + 286287
100%
3 + 285288
100%
34 + 254288
100%
60 + 228288
100%
11 + 277288
100%
2 + 286288
100%
7 + 281288
100%
15 + 274289
100%
6 + 283289
100%
27 + 262289
100%
1 + 2829
100%
11 + 1829
100%
65 + 225290
100%
4 + 287291
100%
2 + 289291
100%
1 + 290291
100%
18 + 273291
100%
52 + 239291
100%
111 + 181292
100%
53 + 239292
100%
40 + 252292
100%
142 + 151293
100%
9 + 284293
100%
11 + 282293
100%
10 + 283293
100%
5 + 288293
100%
110 + 183293
100%
35 + 259294
100%
34 + 260294
100%
14 + 280294
100%
102 + 192294
100%
7 + 287294
100%
108 + 187295
100%
63 + 232295
100%
8 + 287295
100%
78 + 218296
100%
13 + 283296
100%
60 + 236296
100%
19 + 278297
100%
57 + 240297
100%
122 + 175297
100%
33 + 264297
100%
116 + 182298
100%
44 + 254298
100%
6 + 292298
100%
43 + 255298
100%
11 + 287298
100%
67 + 231298
100%
2 + 297299
100%
75 + 224299
100%
8 + 2230
100%
52 + 248300
100%
24 + 276300
100%
4 + 296300
100%
17 + 283300
100%
9 + 291300
100%
47 + 254301
100%
46 + 255301
100%
52 + 249301
100%
12 + 289301
100%
9 + 292301
100%
76 + 226302
100%
12 + 290302
100%
69 + 234303
100%
3 + 300303
100%
5 + 298303
100%
79 + 224303
100%
1 + 303304
100%
128 + 176304
100%
2 + 302304
100%
56 + 248304
100%
131 + 174305
100%
15 + 290305
100%
25 + 280305
100%
21 + 285306
100%
29 + 277306
100%
18 + 288306
100%
2 + 304306
100%
32 + 274306
100%
86 + 220306
100%
9 + 297306
100%
93 + 213306
100%
19 + 287306
100%
83 + 223306
100%
6 + 300306
100%
61 + 246307
100%
14 + 293307
100%
1 + 307308
100%
26 + 282308
100%
126 + 182308
100%
12 + 297309
100%
91 + 218309
100%
7 + 302309
100%
28 + 281309
100%
6 + 2531
100%
4 + 2731
100%
3 + 2831
100%
94 + 216310
100%
30 + 280310
100%
4 + 306310
100%
31 + 279310
100%
1 + 309310
100%
9 + 301310
100%
13 + 297310
100%
5 + 306311
100%
10 + 301311
100%
3 + 308311
100%
23 + 289312
100%
54 + 258312
100%
16 + 296312
100%
119 + 193312
100%
4 + 308312
100%
43 + 269312
100%
121 + 191312
100%
55 + 258313
100%
77 + 236313
100%
23 + 290313
100%
90 + 223313
100%
70 + 243313
100%
5 + 308313
100%
50 + 263313
100%
82 + 232314
100%
37 + 277314
100%
6 + 308314
100%
8 + 306314
100%
4 + 311315
100%
59 + 256315
100%
11 + 304315
100%
5 + 311316
100%
1 + 315316
100%
33 + 283316
100%
6 + 311317
100%
117 + 200317
100%
96 + 221317
100%
9 + 308317
100%
66 + 251317
100%
23 + 294317
100%
36 + 281317
100%
20 + 298318
100%
151 + 167318
100%
15 + 303318
100%
41 + 277318
100%
2 + 316318
100%
3 + 316319
100%
14 + 305319
100%
3 + 2932
100%
13 + 1932
100%
11 + 309320
100%
87 + 233320
100%
120 + 201321
100%
82 + 239321
100%
154 + 167321
100%
49 + 272321
100%
2 + 320322
100%
101 + 221322
100%
1 + 321322
100%
8 + 314322
100%
151 + 171322
100%
5 + 317322
100%
9 + 313322
100%
27 + 295322
100%
6 + 317323
100%
124 + 199323
100%
3 + 321324
100%
103 + 221324
100%
19 + 305324
100%
43 + 281324
100%
32 + 293325
100%
45 + 280325
100%
81 + 244325
100%
87 + 238325
100%
27 + 298325
100%
44 + 281325
100%
14 + 312326
100%
27 + 299326
100%
34 + 292326
100%
84 + 242326
100%
1 + 325326
100%
116 + 211327
100%
25 + 302327
100%
4 + 323327
100%
6 + 321327
100%
42 + 285327
100%
39 + 288327
100%
10 + 318328
100%
1 + 327328
100%
45 + 283328
100%
78 + 251329
100%
12 + 317329
100%
65 + 264329
100%
7 + 2633
100%
9 + 2433
100%
2 + 3133
100%
16 + 314330
100%
129 + 201330
100%
28 + 302330
100%
140 + 190330
100%
31 + 299330
100%
113 + 217330
100%
9 + 321330
100%
20 + 311331
100%
2 + 329331
100%
99 + 232331
100%
65 + 266331
100%
9 + 322331
100%
4 + 328332
100%
160 + 172332
100%
8 + 324332
100%
17 + 315332
100%
143 + 189332
100%
36 + 297333
100%
19 + 314333
100%
63 + 270333
100%
23 + 310333
100%
4 + 330334
100%
29 + 305334
100%
1 + 333334
100%
26 + 309335
100%
6 + 329335
100%
7 + 328335
100%
5 + 330335
100%
22 + 314336
100%
38 + 298336
100%
13 + 323336
100%
21 + 315336
100%
18 + 318336
100%
68 + 268336
100%
47 + 289336
100%
15 + 322337
100%
26 + 311337
100%
79 + 258337
100%
52 + 285337
100%
4 + 333337
100%
20 + 317337
100%
59 + 279338
100%
1 + 337338
100%
134 + 205339
100%
58 + 281339
100%
40 + 299339
100%
9 + 330339
100%
54 + 285339
100%
28 + 311339
100%
12 + 327339
100%
5 + 2934
100%
54 + 286340
100%
33 + 307340
100%
142 + 198340
100%
45 + 295340
100%
39 + 301340
100%
11 + 329340
100%
2 + 338340
100%
46 + 294340
100%
149 + 191340
100%
3 + 338341
100%
56 + 285341
100%
7 + 335342
100%
17 + 325342
100%
72 + 270342
100%
14 + 328342
100%
53 + 289342
100%
17 + 326343
100%
1 + 342343
100%
112 + 231343
100%
85 + 258343
100%
145 + 199344
100%
30 + 314344
100%
117 + 228345
100%
5 + 340345
100%
6 + 339345
100%
75 + 270345
100%
63 + 282345
100%
18 + 328346
100%
1 + 345346
100%
129 + 217346
100%
9 + 337346
100%
6 + 340346
100%
80 + 266346
100%
100 + 246346
100%
48 + 298346
100%
2 + 345347
100%
95 + 253348
100%
6 + 342348
100%
110 + 238348
100%
3 + 345348
100%
53 + 295348
100%
29 + 319348
100%
1 + 348349
100%
9 + 340349
100%
9 + 2635
100%
10 + 2535
100%
7 + 2835
100%
4 + 3135
100%
98 + 252350
100%
19 + 331350
100%
16 + 334350
100%
122 + 229351
100%
2 + 349351
100%
79 + 272351
100%
28 + 324352
100%
4 + 348352
100%
1 + 351352
100%
51 + 301352
100%
37 + 315352
100%
166 + 186352
100%
39 + 313352
100%
50 + 302352
100%
150 + 203353
100%
160 + 193353
100%
55 + 298353
100%
8 + 345353
100%
13 + 340353
100%
97 + 257354
100%
16 + 338354
100%
64 + 290354
100%
27 + 327354
100%
5 + 350355
100%
9 + 346355
100%
38 + 317355
100%
149 + 206355
100%
29 + 326355
100%
91 + 264355
100%
24 + 332356
100%
11 + 345356
100%
2 + 354356
100%
15 + 341356
100%
34 + 323357
100%
33 + 324357
100%
16 + 341357
100%
37 + 321358
100%
7 + 351358
100%
18 + 340358
100%
6 + 352358
100%
26 + 332358
100%
107 + 251358
100%
14 + 345359
100%
39 + 320359
100%
9 + 350359
100%
65 + 295360
100%
148 + 212360
100%
131 + 229360
100%
32 + 328360
100%
11 + 349360
100%
41 + 319360
100%
106 + 254360
100%
6 + 354360
100%
43 + 318361
100%
1 + 360361
100%
46 + 315361
100%
14 + 348362
100%
4 + 358362
100%
93 + 269362
100%
132 + 230362
100%
105 + 257362
100%
134 + 228362
100%
60 + 302362
100%
17 + 345362
100%
119 + 243362
100%
92 + 270362
100%
21 + 341362
100%
7 + 355362
100%
10 + 352362
100%
39 + 323362
100%
23 + 340363
100%
2 + 362364
100%
132 + 232364
100%
54 + 310364
100%
4 + 360364
100%
6 + 358364
100%
20 + 345365
100%
70 + 295365
100%
48 + 317365
100%
58 + 307365
100%
82 + 283365
100%
19 + 346365
100%
40 + 325365
100%
4 + 362366
100%
12 + 354366
100%
6 + 360366
100%
87 + 279366
100%
38 + 328366
100%
22 + 344366
100%
8 + 358366
100%
11 + 356367
100%
43 + 324367
100%
3 + 364367
100%
5 + 362367
100%
41 + 326367
100%
37 + 330367
100%
8 + 360368
100%
2 + 366368
100%
9 + 359368
100%
16 + 353369
100%
124 + 245369
100%
74 + 295369
100%
35 + 334369
100%
8 + 2937
100%
2 + 3537
100%
1 + 3637
100%
55 + 315370
100%
47 + 323370
100%
30 + 341371
100%
53 + 318371
100%
5 + 366371
100%
176 + 195371
100%
9 + 362371
100%
31 + 340371
100%
69 + 302371
100%
1 + 370371
100%
19 + 352371
100%
101 + 270371
100%
18 + 354372
100%
4 + 368372
100%
60 + 312372
100%
96 + 276372
100%
88 + 284372
100%
11 + 361372
100%
124 + 248372
100%
15 + 358373
100%
155 + 218373
100%
24 + 349373
100%
13 + 360373
100%
59 + 314373
100%
83 + 290373
100%
45 + 329374
100%
24 + 350374
100%
2 + 372374
100%
45 + 330375
100%
19 + 356375
100%
104 + 271375
100%
4 + 371375
100%
28 + 348376
100%
133 + 243376
100%
126 + 250376
100%
26 + 350376
100%
6 + 370376
100%
23 + 353376
100%
174 + 203377
100%
8 + 369377
100%
7 + 370377
100%
32 + 345377
100%
2 + 375377
100%
89 + 288377
100%
38 + 339377
100%
125 + 252377
100%
43 + 334377
100%
14 + 364378
100%
8 + 370378
100%
52 + 326378
100%
2 + 376378
100%
11 + 367378
100%
17 + 361378
100%
5 + 374379
100%
74 + 305379
100%
173 + 206379
100%
77 + 302379
100%
30 + 349379
100%
35 + 344379
100%
1 + 379380
100%
28 + 352380
100%
114 + 266380
100%
4 + 377381
100%
36 + 345381
100%
1 + 381382
100%
39 + 343382
100%
13 + 369382
100%
5 + 377382
100%
21 + 361382
100%
128 + 254382
100%
29 + 354383
100%
22 + 361383
100%
45 + 338383
100%
27 + 356383
100%
8 + 375383
100%
7 + 376383
100%
36 + 347383
100%
86 + 297383
100%
60 + 324384
100%
8 + 376384
100%
5 + 379384
100%
2 + 382384
100%
113 + 272385
100%
9 + 376385
100%
109 + 277386
100%
33 + 353386
100%
27 + 359386
100%
140 + 246386
100%
5 + 382387
100%
143 + 244387
100%
8 + 379387
100%
38 + 349387
100%
2 + 385387
100%
14 + 374388
100%
7 + 381388
100%
9 + 379388
100%
50 + 338388
100%
6 + 382388
100%
20 + 368388
100%
3 + 385388
100%
17 + 372389
100%
68 + 321389
100%
8 + 381389
100%
67 + 322389
100%
1 + 388389
100%
4 + 386390
100%
18 + 372390
100%
102 + 288390
100%
48 + 342390
100%
186 + 204390
100%
74 + 316390
100%
23 + 367390
100%
4 + 387391
100%
3 + 388391
100%
20 + 371391
100%
34 + 357391
100%
84 + 307391
100%
4 + 388392
100%
19 + 373392
100%
68 + 324392
100%
130 + 262392
100%
141 + 251392
100%
44 + 348392
100%
5 + 388393
100%
133 + 260393
100%
62 + 331393
100%
13 + 380393
100%
78 + 315393
100%
45 + 348393
100%
72 + 321393
100%
7 + 387394
100%
11 + 383394
100%
4 + 390394
100%
37 + 357394
100%
2 + 392394
100%
92 + 303395
100%
48 + 347395
100%
56 + 339395
100%
17 + 378395
100%
38 + 357395
100%
185 + 210395
100%
155 + 241396
100%
2 + 394396
100%
107 + 290397
100%
9 + 388397
100%
58 + 339397
100%
25 + 372397
100%
63 + 334397
100%
6 + 392398
100%
47 + 351398
100%
8 + 390398
100%
155 + 243398
100%
51 + 347398
100%
111 + 287398
100%
15 + 383398
100%
91 + 307398
100%
1 + 397398
100%
138 + 260398
100%
41 + 358399
100%
9 + 390399
100%
2 + 24
100%
7 + 3340
100%
3 + 3740
100%
10 + 3040
100%
80 + 320400
100%
3 + 397400
100%
119 + 281400
100%
21 + 379400
100%
72 + 328400
100%
19 + 382401
100%
32 + 369401
100%
13 + 388401
100%
18 + 383401
100%
9 + 393402
100%
39 + 363402
100%
159 + 243402
100%
37 + 366403
100%
4 + 399403
100%
145 + 258403
100%
5 + 398403
100%
6 + 397403
100%
28 + 375403
100%
7 + 396403
100%
16 + 387403
100%
118 + 286404
100%
175 + 229404
100%
29 + 375404
100%
16 + 388404
100%
97 + 307404
100%
35 + 370405
100%
23 + 382405
100%
46 + 359405
100%
64 + 341405
100%
153 + 252405
100%
10 + 395405
100%
12 + 393405
100%
16 + 389405
100%
137 + 269406
100%
5 + 401406
100%
124 + 282406
100%
152 + 254406
100%
13 + 393406
100%
22 + 385407
100%
94 + 313407
100%
54 + 353407
100%
139 + 268407
100%
11 + 396407
100%
4 + 403407
100%
35 + 372407
100%
9 + 398407
100%
3 + 404407
100%
3 + 405408
100%
15 + 393408
100%
158 + 250408
100%
8 + 400408
100%
9 + 399408
100%
18 + 390408
100%
1 + 407408
100%
93 + 316409
100%
156 + 253409
100%
135 + 274409
100%
144 + 265409
100%
179 + 230409
100%
60 + 349409
100%
16 + 2541
100%
6 + 3541
100%
116 + 294410
100%
24 + 386410
100%
53 + 357410
100%
3 + 407410
100%
125 + 285410
100%
1 + 409410
100%
75 + 335410
100%
17 + 393410
100%
81 + 330411
100%
27 + 384411
100%
73 + 339412
100%
78 + 334412
100%
36 + 376412
100%
7 + 405412
100%
6 + 406412
100%
120 + 292412
100%
32 + 381413
100%
25 + 388413
100%
6 + 408414
100%
49 + 365414
100%
168 + 246414
100%
80 + 334414
100%
2 + 412414
100%
8 + 406414
100%
18 + 397415
100%
192 + 223415
100%
6 + 409415
100%
90 + 325415
100%
1 + 414415
100%
7 + 408415
100%
3 + 412415
100%
58 + 358416
100%
9 + 407416
100%
13 + 403416
100%
147 + 269416
100%
1 + 415416
100%
79 + 337416
100%
115 + 302417
100%
103 + 314417
100%
15 + 402417
100%
128 + 289417
100%
12 + 405417
100%
4 + 413417
100%
105 + 313418
100%
18 + 400418
100%
150 + 268418
100%
97 + 321418
100%
52 + 366418
100%
16 + 402418
100%
89 + 330419
100%
2 + 417419
100%
9 + 410419
100%
7 + 412419
100%
5 + 3742
100%
10 + 3242
100%
9 + 3342
100%
6 + 414420
100%
2 + 418420
100%
3 + 417420
100%
165 + 255420
100%
8 + 412420
100%
15 + 405420
100%
5 + 415420
100%
30 + 390420
100%
16 + 405421
100%
19 + 402421
100%
26 + 395421
100%
46 + 376422
100%
95 + 327422
100%
42 + 381423
100%
60 + 363423
100%
5 + 418423
100%
10 + 413423
100%
165 + 258423
100%
7 + 417424
100%
52 + 372424
100%
98 + 326424
100%
83 + 342425
100%
1 + 424425
100%
168 + 257425
100%
93 + 332425
100%
16 + 409425
100%
24 + 401425
100%
9 + 416425
100%
12 + 413425
100%
24 + 402426
100%
109 + 317426
100%
22 + 404426
100%
18 + 408426
100%
11 + 415426
100%
3 + 424427
100%
6 + 421427
100%
23 + 404427
100%
85 + 342427
100%
16 + 411427
100%
28 + 399427
100%
48 + 379427
100%
38 + 389427
100%
45 + 383428
100%
62 + 366428
100%
29 + 400429
100%
17 + 412429
100%
34 + 395429
100%
204 + 225429
100%
127 + 302429
100%
38 + 391429
100%
1 + 428429
100%
2 + 4143
100%
4 + 3943
100%
19 + 2443
100%
19 + 411430
100%
198 + 232430
100%
8 + 422430
100%
55 + 375430
100%
21 + 409430
100%
47 + 383430
100%
13 + 418431
100%
198 + 233431
100%
164 + 267431
100%
47 + 384431
100%
43 + 388431
100%
39 + 392431
100%
6 + 425431
100%
5 + 427432
100%
27 + 405432
100%
67 + 365432
100%
134 + 299433
100%
44 + 389433
100%
8 + 425433
100%
19 + 414433
100%
1 + 432433
100%
7 + 426433
100%
9 + 424433
100%
74 + 360434
100%
117 + 317434
100%
8 + 426434
100%
21 + 413434
100%
71 + 363434
100%
78 + 357435
100%
16 + 419435
100%
4 + 431435
100%
40 + 395435
100%
54 + 382436
100%
163 + 273436
100%
140 + 296436
100%
28 + 409437
100%
3 + 434437
100%
25 + 412437
100%
7 + 430437
100%
153 + 285438
100%
19 + 419438
100%
32 + 406438
100%
157 + 282439
100%
16 + 423439
100%
17 + 422439
100%
11 + 428439
100%
5 + 434439
100%
3 + 436439
100%
122 + 317439
100%
3 + 4144
100%
18 + 422440
100%
1 + 439440
100%
67 + 373440
100%
31 + 409440
100%
153 + 287440
100%
48 + 392440
100%
20 + 421441
100%
10 + 431441
100%
54 + 387441
100%
9 + 432441
100%
40 + 401441
100%
106 + 335441
100%
2 + 439441
100%
70 + 371441
100%
197 + 244441
100%
33 + 409442
100%
72 + 370442
100%
12 + 431443
100%
13 + 430443
100%
135 + 308443
100%
4 + 439443
100%
155 + 288443
100%
8 + 435443
100%
209 + 234443
100%
100 + 344444
100%
7 + 437444
100%
166 + 278444
100%
15 + 429444
100%
49 + 395444
100%
26 + 418444
100%
35 + 409444
100%
8 + 436444
100%
6 + 438444
100%
142 + 302444
100%
22 + 423445
100%
117 + 328445
100%
9 + 436445
100%
39 + 406445
100%
75 + 370445
100%
46 + 400446
100%
163 + 283446
100%
36 + 410446
100%
7 + 439446
100%
180 + 266446
100%
5 + 441446
100%
1 + 446447
100%
3 + 444447
100%
56 + 391447
100%
30 + 418448
100%
14 + 434448
100%
59 + 389448
100%
69 + 379448
100%
96 + 352448
100%
9 + 439448
100%
33 + 415448
100%
90 + 358448
100%
13 + 436449
100%
182 + 268450
100%
11 + 439450
100%
4 + 447451
100%
7 + 444451
100%
169 + 282451
100%
2 + 449451
100%
7 + 445452
100%
66 + 386452
100%
19 + 433452
100%
29 + 424453
100%
31 + 422453
100%
6 + 447453
100%
64 + 389453
100%
16 + 437453
100%
8 + 445453
100%
30 + 423453
100%
26 + 427453
100%
13 + 440453
100%
45 + 409454
100%
31 + 423454
100%
17 + 437454
100%
9 + 446455
100%
5 + 450455
100%
23 + 432455
100%
14 + 441455
100%
3 + 452455
100%
86 + 369455
100%
7 + 449456
100%
13 + 443456
100%
15 + 441456
100%
21 + 436457
100%
6 + 451457
100%
23 + 434457
100%
62 + 396458
100%
6 + 452458
100%
121 + 337458
100%
4 + 454458
100%
53 + 405458
100%
30 + 428458
100%
7 + 451458
100%
24 + 434458
100%
59 + 400459
100%
112 + 347459
100%
128 + 331459
100%
10 + 449459
100%
18 + 441459
100%
7 + 452459
100%
1 + 4546
100%
2 + 4446
100%
15 + 3146
100%
8 + 3846
100%
14 + 3246
100%
4 + 4246
100%
25 + 435460
100%
6 + 454460
100%
93 + 368461
100%
163 + 298461
100%
13 + 448461
100%
20 + 441461
100%
6 + 455461
100%
76 + 385461
100%
119 + 342461
100%
68 + 394462
100%
9 + 453462
100%
8 + 454462
100%
43 + 419462
100%
5 + 457462
100%
34 + 428462
100%
50 + 412462
100%
59 + 404463
100%
3 + 460463
100%
5 + 458463
100%
52 + 411463
100%
44 + 419463
100%
131 + 332463
100%
65 + 398463
100%
101 + 363464
100%
169 + 295464
100%
8 + 456464
100%
32 + 432464
100%
185 + 279464
100%
132 + 332464
100%
11 + 454465
100%
197 + 268465
100%
80 + 385465
100%
124 + 341465
100%
138 + 328466
100%
149 + 317466
100%
154 + 312466
100%
9 + 457466
100%
129 + 337466
100%
160 + 306466
100%
58 + 408466
100%
23 + 443466
100%
82 + 384466
100%
214 + 253467
100%
110 + 357467
100%
46 + 421467
100%
7 + 460467
100%
28 + 439467
100%
64 + 403467
100%
4 + 464468
100%
47 + 421468
100%
2 + 466468
100%
179 + 289468
100%
98 + 370468
100%
14 + 454468
100%
29 + 439468
100%
16 + 452468
100%
142 + 327469
100%
38 + 431469
100%
19 + 450469
100%
103 + 366469
100%
43 + 426469
100%
5 + 464469
100%
50 + 419469
100%
228 + 242470
100%
84 + 386470
100%
107 + 363470
100%
1 + 469470
100%
228 + 243471
100%
59 + 412471
100%
113 + 358471
100%
76 + 395471
100%
137 + 335472
100%
8 + 464472
100%
126 + 346472
100%
39 + 433472
100%
5 + 467472
100%
85 + 387472
100%
102 + 371473
100%
15 + 458473
100%
23 + 450473
100%
3 + 470473
100%
69 + 404473
100%
65 + 408473
100%
27 + 447474
100%
55 + 419474
100%
36 + 438474
100%
37 + 437474
100%
22 + 452474
100%
156 + 318474
100%
5 + 470475
100%
66 + 410476
100%
1 + 475476
100%
91 + 385476
100%
88 + 388476
100%
196 + 280476
100%
16 + 460476
100%
197 + 280477
100%
18 + 459477
100%
94 + 383477
100%
10 + 467477
100%
95 + 382477
100%
201 + 276477
100%
7 + 470477
100%
77 + 401478
100%
60 + 418478
100%
13 + 465478
100%
4 + 474478
100%
6 + 472478
100%
2 + 476478
100%
226 + 253479
100%
144 + 335479
100%
175 + 304479
100%
40 + 439479
100%
9 + 470479
100%
2 + 4648
100%
7 + 4148
100%
5 + 4348
100%
3 + 4548
100%
8 + 4048
100%
21 + 459480
100%
7 + 473480
100%
11 + 469480
100%
5 + 475480
100%
8 + 472480
100%
47 + 433480
100%
36 + 444480
100%
44 + 437481
100%
29 + 452481
100%
2 + 479481
100%
183 + 298481
100%
67 + 415482
100%
53 + 429482
100%
204 + 278482
100%
121 + 361482
100%
51 + 432483
100%
101 + 382483
100%
6 + 477483
100%
54 + 429483
100%
75 + 408483
100%
104 + 379483
100%
49 + 435484
100%
48 + 436484
100%
68 + 416484
100%
97 + 387484
100%
72 + 412484
100%
58 + 426484
100%
11 + 474485
100%
143 + 342485
100%
59 + 426485
100%
2 + 483485
100%
18 + 467485
100%
12 + 473485
100%
162 + 323485
100%
42 + 443485
100%
4 + 481485
100%
89 + 397486
100%
13 + 473486
100%
95 + 391486
100%
1 + 485486
100%
9 + 477486
100%
4 + 482486
100%
9 + 478487
100%
169 + 318487
100%
235 + 252487
100%
3 + 484487
100%
15 + 472487
100%
24 + 463487
100%
8 + 479487
100%
20 + 468488
100%
25 + 463488
100%
45 + 443488
100%
71 + 418489
100%
92 + 397489
100%
147 + 342489
100%
103 + 386489
100%
39 + 450489
100%
17 + 472489
100%
32 + 457489
100%
23 + 466489
100%
9 + 480489
100%
2 + 488490
100%
200 + 290490
100%
1 + 489490
100%
102 + 388490
100%
5 + 485490
100%
6 + 484490
100%
7 + 483490
100%
8 + 483491
100%
34 + 457491
100%
16 + 476492
100%
99 + 393492
100%
43 + 449492
100%
10 + 482492
100%
12 + 480492
100%
20 + 472492
100%
132 + 361493
100%
174 + 319493
100%
190 + 303493
100%
171 + 323494
100%
3 + 491494
100%
8 + 486494
100%
19 + 476495
100%
84 + 411495
100%
28 + 467495
100%
7 + 488495
100%
236 + 260496
100%
118 + 378496
100%
4 + 492496
100%
6 + 490496
100%
105 + 391496
100%
5 + 491496
100%
30 + 466496
100%
26 + 471497
100%
177 + 320497
100%
5 + 492497
100%
8 + 489497
100%
36 + 461497
100%
34 + 463497
100%
59 + 439498
100%
9 + 489498
100%
11 + 487498
100%
58 + 440498
100%
15 + 483498
100%
26 + 472498
100%
75 + 423498
100%
238 + 260498
100%
22 + 476498
100%
2 + 496498
100%
1 + 498499
100%
14 + 485499
100%
182 + 317499
100%
69 + 430499
100%
17 + 3350
100%
6 + 4450
100%
9 + 4150
100%
32 + 468500
100%
38 + 462500
100%
7 + 493500
100%
4 + 496500
100%
27 + 473500
100%
46 + 454500
100%
29 + 472501
100%
10 + 491501
100%
72 + 429501
100%
237 + 264501
100%
46 + 455501
100%
114 + 387501
100%
3 + 499502
100%
63 + 439502
100%
51 + 451502
100%
96 + 407503
100%
15 + 488503
100%
25 + 478503
100%
85 + 418503
100%
52 + 452504
100%
3 + 501504
100%
150 + 354504
100%
2 + 502504
100%
24 + 480504
100%
209 + 296505
100%
21 + 484505
100%
4 + 501505
100%
6 + 499505
100%
116 + 389505
100%
111 + 394505
100%
24 + 482506
100%
13 + 493506
100%
68 + 438506
100%
106 + 400506
100%
39 + 467506
100%
8 + 498506
100%
74 + 432506
100%
48 + 458506
100%
48 + 459507
100%
25 + 482507
100%
56 + 451507
100%
37 + 470507
100%
1 + 506507
100%
93 + 414507
100%
9 + 498507
100%
249 + 258507
100%
175 + 333508
100%
235 + 273508
100%
61 + 447508
100%
10 + 499509
100%
26 + 483509
100%
108 + 401509
100%
8 + 501509
100%
141 + 368509
100%
70 + 439509
100%
177 + 332509
100%
16 + 3551
100%
147 + 363510
100%
3 + 507510
100%
4 + 506510
100%
137 + 373510
100%
31 + 479510
100%
28 + 482510
100%
16 + 494510
100%
7 + 503510
100%
33 + 477510
100%
78 + 433511
100%
92 + 419511
100%
6 + 505511
100%
23 + 488511
100%
72 + 439511
100%
7 + 504511
100%
19 + 493512
100%
113 + 399512
100%
26 + 486512
100%
25 + 487512
100%
2 + 511513
100%
164 + 349513
100%
11 + 502513
100%
86 + 427513
100%
142 + 371513
100%
5 + 509514
100%
1 + 513514
100%
50 + 464514
100%
40 + 474514
100%
235 + 279514
100%
112 + 402514
100%
109 + 406515
100%
35 + 480515
100%
6 + 509515
100%
150 + 366516
100%
104 + 412516
100%
100 + 416516
100%
50 + 466516
100%
26 + 490516
100%
8 + 509517
100%
11 + 506517
100%
9 + 508517
100%
35 + 482517
100%
36 + 482518
100%
3 + 515518
100%
9 + 509518
100%
4 + 514518
100%
20 + 498518
100%
22 + 497519
100%
167 + 352519
100%
53 + 466519
100%
32 + 487519
100%
2 + 517519
100%
6 + 513519
100%
12 + 507519
100%
14 + 505519
100%
11 + 4152
100%
18 + 3452
100%
80 + 440520
100%
25 + 495520
100%
3 + 517520
100%
11 + 509520
100%
21 + 499520
100%
218 + 303521
100%
77 + 444521
100%
7 + 514521
100%
199 + 322521
100%
13 + 508521
100%
5 + 516521
100%
15 + 507522
100%
12 + 510522
100%
181 + 341522
100%
114 + 408522
100%
213 + 310523
100%
71 + 452523
100%
10 + 513523
100%
105 + 419524
100%
1 + 523524
100%
16 + 508524
100%
165 + 360525
100%
60 + 465525
100%
42 + 483525
100%
8 + 517525
100%
217 + 308525
100%
2 + 523525
100%
35 + 490525
100%
62 + 463525
100%
85 + 441526
100%
51 + 475526
100%
34 + 492526
100%
5 + 522527
100%
46 + 481527
100%
18 + 509527
100%
8 + 519527
100%
70 + 457527
100%
9 + 518527
100%
63 + 464527
100%
4 + 523527
100%
5 + 523528
100%
49 + 479528
100%
1 + 527528
100%
3 + 525528
100%
16 + 512528
100%
31 + 497528
100%
13 + 515528
100%
27 + 502529
100%
3 + 526529
100%
7 + 522529
100%
43 + 486529
100%
8 + 521529
100%
2 + 527529
100%
244 + 285529
100%
98 + 431529
100%
8 + 4553
100%
22 + 3153
100%
6 + 4753
100%
2 + 5153
100%
81 + 449530
100%
64 + 466530
100%
45 + 485530
100%
32 + 498530
100%
83 + 447530
100%
10 + 521531
100%
1 + 530531
100%
27 + 504531
100%
99 + 432531
100%
59 + 472531
100%
60 + 471531
100%
17 + 514531
100%
32 + 500532
100%
19 + 513532
100%
37 + 495532
100%
140 + 392532
100%
139 + 394533
100%
84 + 449533
100%
39 + 494533
100%
249 + 284533
100%
5 + 528533
100%
33 + 500533
100%
2 + 531533
100%
74 + 459533
100%
28 + 505533
100%
17 + 517534
100%
1 + 533534
100%
184 + 350534
100%
35 + 499534
100%
66 + 468534
100%
25 + 509534
100%
158 + 376534
100%
151 + 384535
100%
67 + 468535
100%
20 + 515535
100%
33 + 502535
100%
222 + 313535
100%
52 + 484536
100%
182 + 354536
100%
68 + 468536
100%
51 + 485536
100%
8 + 528536
100%
67 + 469536
100%
23 + 513536
100%
8 + 529537
100%
231 + 306537
100%
38 + 499537
100%
120 + 417537
100%
13 + 524537
100%
60 + 477537
100%
93 + 444537
100%
5 + 532537
100%
1 + 536537
100%
6 + 531537
100%
7 + 530537
100%
60 + 478538
100%
3 + 535538
100%
1 + 537538
100%
118 + 420538
100%
6 + 532538
100%
15 + 523538
100%
7 + 532539
100%
196 + 343539
100%
23 + 516539
100%
29 + 510539
100%
26 + 513539
100%
14 + 525539
100%
10 + 4454
100%
5 + 4954
100%
91 + 449540
100%
12 + 528540
100%
11 + 529540
100%
5 + 535540
100%
9 + 531540
100%
170 + 370540
100%
19 + 521540
100%
98 + 442540
100%
1 + 539540
100%
43 + 497540
100%
74 + 467541
100%
3 + 538541
100%
88 + 453541
100%
2 + 539541
100%
8 + 533541
100%
16 + 526542
100%
127 + 415542
100%
49 + 493542
100%
8 + 535543
100%
89 + 454543
100%
9 + 534543
100%
22 + 521543
100%
72 + 472544
100%
30 + 514544
100%
67 + 477544
100%
128 + 416544
100%
150 + 394544
100%
56 + 488544
100%
144 + 400544
100%
31 + 514545
100%
210 + 335545
100%
8 + 537545
100%
2 + 543545
100%
203 + 342545
100%
226 + 319545
100%
57 + 488545
100%
85 + 460545
100%
21 + 524545
100%
88 + 457545
100%
191 + 354545
100%
123 + 423546
100%
34 + 512546
100%
36 + 511547
100%
3 + 544547
100%
7 + 540547
100%
18 + 529547
100%
1 + 547548
100%
9 + 539548
100%
6 + 542548
100%
174 + 375549
100%
29 + 520549
100%
51 + 498549
100%
17 + 532549
100%
58 + 491549
100%
20 + 529549
100%
234 + 315549
100%
19 + 530549
100%
4 + 545549
100%
14 + 4155
100%
3 + 5255
100%
17 + 3855
100%
4 + 546550
100%
61 + 490551
100%
139 + 412551
100%
107 + 444551
100%
2 + 549551
100%
10 + 541551
100%
5 + 546551
100%
177 + 374551
100%
80 + 471551
100%
79 + 472551
100%
103 + 449552
100%
271 + 281552
100%
227 + 325552
100%
83 + 469552
100%
188 + 364552
100%
44 + 508552
100%
139 + 413552
100%
19 + 533552
100%
178 + 374552
100%
145 + 408553
100%
42 + 511553
100%
37 + 516553
100%
5 + 548553
100%
119 + 434553
100%
8 + 545553
100%
248 + 306554
100%
7 + 547554
100%
145 + 409554
100%
18 + 536554
100%
82 + 472554
100%
205 + 349554
100%
93 + 462555
100%
170 + 385555
100%
78 + 477555
100%
6 + 549555
100%
117 + 438555
100%
14 + 541555
100%
2 + 553555
100%
3 + 552555
100%
8 + 548556
100%
256 + 300556
100%
115 + 441556
100%
4 + 552556
100%
7 + 549556
100%
67 + 489556
100%
132 + 424556
100%
201 + 355556
100%
122 + 435557
100%
14 + 543557
100%
25 + 532557
100%
9 + 548557
100%
57 + 500557
100%
95 + 463558
100%
46 + 512558
100%
87 + 471558
100%
11 + 547558
100%
157 + 401558
100%
230 + 328558
100%
25 + 533558
100%
28 + 531559
100%
26 + 533559
100%
2 + 557559
100%
56 + 503559
100%
4 + 555559
100%
81 + 478559
100%
12 + 547559
100%
59 + 500559
100%
18 + 3856
100%
227 + 333560
100%
117 + 443560
100%
75 + 485560
100%
272 + 288560
100%
19 + 541560
100%
36 + 524560
100%
5 + 555560
100%
16 + 545561
100%
53 + 508561
100%
146 + 415561
100%
32 + 529561
100%
121 + 440561
100%
9 + 553562
100%
40 + 522562
100%
69 + 493562
100%
183 + 380563
100%
1 + 562563
100%
17 + 546563
100%
38 + 525563
100%
144 + 420564
100%
154 + 410564
100%
59 + 505564
100%
255 + 309564
100%
55 + 509564
100%
8 + 556564
100%
6 + 559565
100%
30 + 535565
100%
7 + 558565
100%
147 + 418565
100%
36 + 529565
100%
42 + 523565
100%
76 + 489565
100%
104 + 461565
100%
220 + 345565
100%
10 + 555565
100%
15 + 551566
100%
198 + 368566
100%
10 + 556566
100%
12 + 554566
100%
45 + 521566
100%
5 + 561566
100%
19 + 547566
100%
2 + 564566
100%
2 + 565567
100%
22 + 545567
100%
17 + 550567
100%
184 + 383567
100%
9 + 558567
100%
4 + 564568
100%
154 + 414568
100%
22 + 546568
100%
35 + 533568
100%
271 + 297568
100%
27 + 541568
100%
88 + 480568
100%
211 + 357568
100%
207 + 361568
100%
84 + 485569
100%
5 + 564569
100%
97 + 472569
100%
8 + 561569
100%
34 + 535569
100%
6 + 5157
100%
9 + 4857
100%
215 + 355570
100%
35 + 535570
100%
168 + 402570
100%
8 + 562570
100%
1 + 569570
100%
46 + 524570
100%
33 + 538571
100%
144 + 427571
100%
161 + 410571
100%
156 + 415571
100%
49 + 522571
100%
149 + 422571
100%
232 + 339571
100%
3 + 568571
100%
28 + 544572
100%
10 + 562572
100%
52 + 520572
100%
62 + 510572
100%
7 + 565572
100%
94 + 478572
100%
21 + 551572
100%
3 + 570573
100%
18 + 555573
100%
64 + 509573
100%
243 + 330573
100%
229 + 344573
100%
194 + 380574
100%
9 + 565574
100%
6 + 568574
100%
4 + 570574
100%
43 + 531574
100%
1 + 573574
100%
51 + 523574
100%
7 + 567574
100%
77 + 497574
100%
12 + 563575
100%
86 + 489575
100%
7 + 568575
100%
4 + 571575
100%
73 + 503576
100%
167 + 409576
100%
3 + 573576
100%
13 + 563576
100%
36 + 541577
100%
2 + 575577
100%
6 + 571577
100%
98 + 479577
100%
164 + 413577
100%
258 + 320578
100%
21 + 557578
100%
109 + 469578
100%
39 + 539578
100%
96 + 482578
100%
30 + 548578
100%
20 + 559579
100%
105 + 474579
100%
57 + 522579
100%
7 + 572579
100%
4 + 5458
100%
86 + 494580
100%
9 + 571580
100%
1 + 579580
100%
160 + 420580
100%
24 + 556580
100%
38 + 543581
100%
22 + 559581
100%
242 + 339581
100%
2 + 579581
100%
92 + 489581
100%
222 + 359581
100%
26 + 555581
100%
221 + 361582
100%
4 + 578582
100%
8 + 574582
100%
162 + 420582
100%
3 + 580583
100%
17 + 566583
100%
111 + 472583
100%
71 + 512583
100%
69 + 514583
100%
1 + 582583
100%
85 + 498583
100%
259 + 324583
100%
2 + 582584
100%
166 + 418584
100%
52 + 532584
100%
115 + 469584
100%
60 + 524584
100%
58 + 526584
100%
14 + 571585
100%
8 + 577585
100%
230 + 355585
100%
16 + 569585
100%
11 + 574585
100%
1 + 584585
100%
203 + 382585
100%
100 + 485585
100%
250 + 335585
100%
6 + 579585
100%
136 + 450586
100%
67 + 519586
100%
231 + 355586
100%
32 + 554586
100%
169 + 417586
100%
43 + 543586
100%
234 + 353587
100%
20 + 567587
100%
189 + 399588
100%
3 + 585588
100%
125 + 464589
100%
14 + 575589
100%
1 + 588589
100%
19 + 570589
100%
50 + 539589
100%
9 + 580589
100%
95 + 494589
100%
14 + 4559
100%
8 + 5159
100%
2 + 5759
100%
42 + 548590
100%
6 + 584590
100%
101 + 489590
100%
17 + 573590
100%
153 + 438591
100%
13 + 578591
100%
96 + 495591
100%
2 + 589591
100%
4 + 587591
100%
129 + 462591
100%
28 + 563591
100%
10 + 582592
100%
119 + 473592
100%
130 + 462592
100%
5 + 587592
100%
74 + 518592
100%
54 + 539593
100%
19 + 574593
100%
70 + 523593
100%
79 + 514593
100%
51 + 543594
100%
8 + 586594
100%
58 + 536594
100%
54 + 540594
100%
3 + 591594
100%
53 + 541594
100%
47 + 547594
100%
14 + 581595
100%
41 + 554595
100%
63 + 533596
100%
3 + 593596
100%
11 + 585596
100%
2 + 594596
100%
99 + 497596
100%
87 + 509596
100%
29 + 567596
100%
66 + 531597
100%
8 + 589597
100%
235 + 362597
100%
28 + 569597
100%
1 + 596597
100%
33 + 565598
100%
9 + 589598
100%
23 + 575598
100%
44 + 554598
100%
248 + 351599
100%
1 + 598599
100%
19 + 4160
100%
1 + 5960
100%
3 + 5760
100%
18 + 4260
100%
2 + 5961
100%
13 + 4861
100%
24 + 3862
100%
12 + 5062
100%
15 + 4762
100%
25 + 3863
100%
8 + 5563
100%
7 + 5663
100%
7 + 5764
100%
26 + 3864
100%
5 + 5964
100%
4 + 6165
100%
9 + 5665
100%
14 + 5165
100%
12 + 5466
100%
25 + 4166
100%
5 + 6267
100%
6 + 6167
100%
17 + 5168
100%
1 + 6768
100%
6 + 6268
100%
11 + 5768
100%
10 + 5969
100%
16 + 5369
100%
34 + 3569
100%
26 + 4369
100%
1 + 67
100%
14 + 5670
100%
3 + 6770
100%
1 + 6970
100%
22 + 4870
100%
32 + 4072
100%
7 + 6572
100%
27 + 4572
100%
4 + 6872
100%
16 + 5672
100%
8 + 6573
100%
9 + 6574
100%
6 + 6874
100%
5 + 6974
100%
12 + 6274
100%
34 + 4175
100%
3 + 7275
100%
19 + 5675
100%
24 + 5175
100%
27 + 4976
100%
35 + 4277
100%
18 + 5977
100%
22 + 5577
100%
29 + 4978
100%
15 + 6378
100%
4 + 7478
100%
3 + 7578
100%
28 + 5078
100%
7 + 7279
100%
14 + 6579
100%
2 + 68
100%
5 + 7580
100%
1 + 7980
100%
9 + 7281
100%
2 + 8082
100%
1 + 8182
100%
18 + 6583
100%
11 + 7283
100%
8 + 7583
100%
29 + 5483
100%
7 + 7784
100%
17 + 6784
100%
23 + 6184
100%
16 + 6884
100%
6 + 7884
100%
42 + 4385
100%
11 + 7586
100%
3 + 8386
100%
14 + 7286
100%
32 + 5486
100%
19 + 6786
100%
1 + 8687
100%
4 + 8387
100%
3 + 8588
100%
12 + 7688
100%
9 + 8089
100%
31 + 5889
100%
5 + 8489
100%
10 + 7989
100%
1 + 89
100%
6 + 8490
100%
1 + 8990
100%
21 + 6990
100%
26 + 6490
100%
11 + 7990
100%
2 + 8991
100%
7 + 8491
100%
21 + 7192
100%
8 + 8492
100%
6 + 8692
100%
34 + 5892
100%
40 + 5393
100%
13 + 8093
100%
22 + 7193
100%
3 + 9093
100%
17 + 7693
100%
41 + 5394
100%
5 + 8994
100%
38 + 5694
100%
1 + 9394
100%
4 + 9094
100%
25 + 7095
100%
8 + 8795
100%
30 + 6595
100%
14 + 8195
100%
15 + 8196
100%
29 + 6796
100%
20 + 7696
100%
14 + 8296
100%
10 + 8797
100%
1 + 9697
100%
3 + 9598
100%
5 + 9398
100%
19 + 7998
100%
40 + 5999
100%
3 + 9699
100%
14 + 148162
93%
20 + 88108
92%
6 + 108114
92%
6 + 231237
92%
8 + 229237
92%
61 + 192253
92%
59 + 230289
92%
4 + 288292
92%
78 + 244322
92%
115 + 230345
92%
10 + 346356
92%
5 + 383388
92%
5 + 409414
92%
11 + 3142
92%
176 + 253429
92%
115 + 346461
92%
3 + 508511
92%
29 + 488517
92%
8 + 5462
92%
13 + 103116
91%
16 + 169185
91%
3 + 185188
91%
150 + 155305
91%
92 + 249341
91%
37 + 552589
91%
102 + 497599
91%
32 + 567599
91%
7 + 96103
90%
33 + 150183
90%
93 + 98191
90%
1 + 218219
90%
13 + 232245
90%
2 + 246248
90%
12 + 237249
90%
69 + 197266
90%
5 + 283288
90%
98 + 200298
90%
117 + 186303
90%
58 + 264322
90%
19 + 327346
90%
68 + 288356
90%
15 + 423438
90%
152 + 298450
90%
18 + 490508
90%
135 + 381516
90%
6 + 522528
90%
125 + 409534
90%
73 + 468541
90%
11 + 537548
90%
113 + 458571
90%
5 + 7479
90%
8 + 94102
89%
3 + 100103
89%
9 + 188197
89%
16 + 187203
89%
49 + 159208
89%
3 + 205208
89%
34 + 187221
89%
15 + 214229
89%
28 + 225253
89%
2 + 265267
89%
17 + 264281
89%
26 + 258284
89%
64 + 223287
89%
15 + 280295
89%
1 + 299300
89%
2 + 312314
89%
129 + 194323
89%
5 + 325330
89%
68 + 281349
89%
67 + 299366
89%
108 + 275383
89%
33 + 376409
89%
20 + 401421
89%
91 + 343434
89%
6 + 430436
89%
9 + 445454
89%
24 + 431455
89%
1 + 456457
89%
13 + 483496
89%
104 + 395499
89%
55 + 446501
89%
90 + 413503
89%
29 + 474503
89%
12 + 491503
89%
18 + 486504
89%
9 + 4352
89%
181 + 342523
89%
9 + 525534
89%
15 + 522537
89%
24 + 522546
89%
24 + 545569
89%
8 + 572580
89%
270 + 318588
89%
12 + 577589
89%
63 + 528591
89%
7 + 5966
89%
21 + 7798
89%
2 + 120122
88%
40 + 98138
88%
7 + 135142
88%
34 + 117151
88%
60 + 100160
88%
22 + 142164
88%
6 + 164170
88%
66 + 108174
88%
46 + 134180
88%
77 + 110187
88%
12 + 177189
88%
39 + 151190
88%
26 + 171197
88%
64 + 148212
88%
58 + 161219
88%
23 + 196219
88%
41 + 186227
88%
13 + 229242
88%
84 + 162246
88%
7 + 239246
88%
52 + 209261
88%
10 + 254264
88%
54 + 218272
88%
49 + 229278
88%
5 + 277282
88%
136 + 155291
88%
22 + 273295
88%
16 + 280296
88%
7 + 293300
88%
4 + 297301
88%
11 + 301312
88%
22 + 292314
88%
3 + 311314
88%
17 + 299316
88%
18 + 299317
88%
14 + 322336
88%
137 + 199336
88%
10 + 327337
88%
83 + 256339
88%
4 + 335339
88%
8 + 334342
88%
43 + 304347
88%
167 + 192359
88%
31 + 328359
88%
71 + 294365
88%
25 + 348373
88%
30 + 358388
88%
10 + 396406
88%
66 + 348414
88%
14 + 409423
88%
49 + 385434
88%
97 + 340437
88%
8 + 430438
88%
1 + 447448
88%
88 + 362450
88%
89 + 380469
88%
12 + 459471
88%
178 + 296474
88%
19 + 482501
88%
14 + 488502
88%
172 + 337509
88%
214 + 298512
88%
87 + 431518
88%
5 + 519524
88%
133 + 391524
88%
9 + 527536
88%
258 + 281539
88%
24 + 518542
88%
48 + 495543
88%
13 + 531544
88%
95 + 455550
88%
177 + 376553
88%
1 + 553554
88%
13 + 548561
88%
89 + 475564
88%
34 + 544578
88%
29 + 549578
88%
269 + 310579
88%
16 + 564580
88%
15 + 567582
88%
208 + 375583
88%
8 + 576584
88%
7 + 586593
88%
110 + 483593
88%
155 + 441596
88%
28 + 570598
88%
9 + 8897
88%
59 + 182241
87%
7 + 104111
86%
7 + 112119
86%
23 + 106129
86%
1 + 145146
86%
1 + 147148
86%
14 + 143157
86%
4 + 153157
86%
11 + 154165
86%
9 + 160169
86%
3 + 183186
86%
10 + 179189
86%
18 + 172190
86%
72 + 121193
86%
27 + 178205
86%
2 + 211213
86%
16 + 201217
86%
41 + 181222
86%
85 + 155240
86%
9 + 1625
86%
108 + 142250
86%
35 + 217252
86%
10 + 245255
86%
36 + 227263
86%
15 + 253268
86%
61 + 209270
86%
47 + 231278
86%
28 + 252280
86%
20 + 271291
86%
13 + 282295
86%
104 + 192296
86%
92 + 205297
86%
149 + 152301
86%
23 + 281304
86%
7 + 303310
86%
13 + 302315
86%
51 + 284335
86%
140 + 199339
86%
57 + 294351
86%
170 + 182352
86%
12 + 347359
86%
79 + 287366
86%
154 + 214368
86%
10 + 359369
86%
7 + 364371
86%
10 + 388398
86%
26 + 372398
86%
24 + 378402
86%
83 + 319402
86%
16 + 395411
86%
2 + 419421
86%
134 + 296430
86%
2 + 429431
86%
21 + 415436
86%
87 + 349436
86%
113 + 333446
86%
57 + 399456
86%
37 + 420457
86%
136 + 326462
86%
20 + 443463
86%
216 + 249465
86%
187 + 289476
86%
9 + 467476
86%
41 + 438479
86%
123 + 362485
86%
20 + 480500
86%
19 + 485504
86%
17 + 501518
86%
217 + 303520
86%
61 + 461522
86%
242 + 284526
86%
134 + 394528
86%
22 + 524546
86%
4 + 5256
86%
23 + 544567
86%
4 + 569573
86%
80 + 494574
86%
30 + 559589
86%
77 + 515592
86%
4 + 594598
86%
21 + 4364
86%
2 + 6668
86%
13 + 6073
86%
8 + 6674
86%
8 + 7987
86%
2 + 9597
86%
64 + 87151
85%
47 + 464511
85%
11 + 91102
83%
5 + 97102
83%
58 + 58116
83%
33 + 87120
83%
18 + 103121
83%
14 + 108122
83%
8 + 128136
83%
16 + 121137
83%
4 + 133137
83%
17 + 122139
83%
1 + 138139
83%
21 + 133154
83%
16 + 146162
83%
66 + 97163
83%
5 + 159164
83%
63 + 112175
83%
38 + 154192
83%
10 + 183193
83%
28 + 172200
83%
71 + 130201
83%
3 + 202205
83%
6 + 202208
83%
17 + 200217
83%
81 + 141222
83%
14 + 218232
83%
9 + 224233
83%
31 + 203234
83%
9 + 226235
83%
70 + 168238
83%
36 + 205241
83%
10 + 232242
83%
106 + 139245
83%
45 + 203248
83%
49 + 214263
83%
37 + 233270
83%
8 + 266274
83%
48 + 228276
83%
71 + 207278
83%
62 + 218280
83%
45 + 239284
83%
89 + 198287
83%
71 + 229300
83%
3 + 309312
83%
11 + 303314
83%
7 + 315322
83%
58 + 265323
83%
158 + 167325
83%
2 + 324326
83%
24 + 304328
83%
3 + 331334
83%
73 + 265338
83%
37 + 302339
83%
44 + 299343
83%
91 + 257348
83%
21 + 337358
83%
8 + 352360
83%
5 + 355360
83%
153 + 208361
83%
55 + 310365
83%
61 + 309370
83%
9 + 361370
83%
3 + 367370
83%
42 + 334376
83%
3 + 376379
83%
114 + 269383
83%
16 + 370386
83%
58 + 340398
83%
43 + 355398
83%
139 + 260399
83%
10 + 394404
83%
2 + 402404
83%
120 + 287407
83%
177 + 239416
83%
4 + 423427
83%
41 + 394435
83%
14 + 425439
83%
12 + 439451
83%
15 + 439454
83%
11 + 3546
83%
19 + 448467
83%
26 + 442468
83%
104 + 365469
83%
95 + 378473
83%
19 + 459478
83%
33 + 446479
83%
36 + 449485
83%
108 + 382490
83%
20 + 473493
83%
41 + 455496
83%
152 + 362514
83%
250 + 270520
83%
65 + 460525
83%
50 + 486536
83%
163 + 377540
83%
48 + 493541
83%
39 + 507546
83%
41 + 505546
83%
29 + 522551
83%
3 + 551554
83%
48 + 507555
83%
71 + 486557
83%
115 + 442557
83%
38 + 521559
83%
7 + 4956
83%
73 + 487560
83%
192 + 373565
83%
27 + 540567
83%
19 + 553572
83%
83 + 489572
83%
28 + 545573
83%
8 + 567575
83%
11 + 565576
83%
23 + 557580
83%
143 + 437580
83%
25 + 558583
83%
27 + 569596
83%
6 + 592598
83%
8 + 6775
83%
18 + 7391
83%
7 + 8794
83%
3 + 194197
82%
25 + 177202
82%
7 + 307314
82%
46 + 62108
80%
41 + 78119
80%
25 + 97122
80%
42 + 88130
80%
61 + 78139
80%
2 + 142144
80%
41 + 104145
80%
7 + 141148
80%
39 + 116155
80%
6 + 177183
80%
36 + 149185
80%
17 + 179196
80%
9 + 196205
80%
57 + 149206
80%
6 + 201207
80%
95 + 123218
80%
8 + 214222
80%
107 + 130237
80%
109 + 129238
80%
8 + 235243
80%
19 + 244263
80%
12 + 257269
80%
5 + 265270
80%
4 + 268272
80%
6 + 267273
80%
25 + 259284
80%
81 + 208289
80%
55 + 236291
80%
39 + 258297
80%
7 + 294301
80%
103 + 204307
80%
38 + 274312
80%
28 + 290318
80%
44 + 277321
80%
56 + 273329
80%
13 + 316329
80%
91 + 248339
80%
8 + 337345
80%
69 + 277346
80%
7 + 341348
80%
25 + 325350
80%
25 + 343368
80%
135 + 239374
80%
91 + 286377
80%
15 + 364379
80%
12 + 373385
80%
31 + 357388
80%
99 + 290389
80%
40 + 352392
80%
15 + 378393
80%
5 + 3540
80%
14 + 394408
80%
50 + 365415
80%
29 + 387416
80%
14 + 404418
80%
82 + 338420
80%
6 + 423429
80%
84 + 348432
80%
161 + 271432
80%
23 + 415438
80%
61 + 378439
80%
130 + 322452
80%
70 + 388458
80%
17 + 441458
80%
2 + 459461
80%
97 + 366463
80%
22 + 444466
80%
83 + 384467
80%
31 + 440471
80%
186 + 286472
80%
67 + 406473
80%
170 + 307477
80%
110 + 368478
80%
73 + 406479
80%
10 + 3848
80%
35 + 447482
80%
90 + 392482
80%
47 + 439486
80%
79 + 410489
80%
103 + 402505
80%
167 + 343510
80%
17 + 493510
80%
193 + 333526
80%
195 + 331526
80%
138 + 388526
80%
173 + 359532
80%
149 + 390539
80%
4 + 536540
80%
5 + 542547
80%
27 + 521548
80%
113 + 441554
80%
15 + 540555
80%
228 + 330558
80%
67 + 499566
80%
248 + 319567
80%
226 + 341567
80%
1 + 570571
80%
89 + 492581
80%
31 + 551582
80%
7 + 576583
80%
261 + 322583
80%
126 + 472598
80%
90 + 509599
80%
16 + 4460
80%
23 + 3861
80%
2 + 7375
80%
2 + 9193
80%
13 + 268281
78%
35 + 299334
78%
9 + 372381
78%
146 + 295441
78%
81 + 454535
78%
69 + 496565
78%
6 + 95101
75%
5 + 104109
75%
7 + 142149
75%
48 + 135183
75%
27 + 156183
75%
8 + 186194
75%
62 + 138200
75%
17 + 191208
75%
1 + 209210
75%
50 + 178228
75%
1 + 232233
75%
2 + 240242
75%
82 + 160242
75%
48 + 195243
75%
7 + 242249
75%
4 + 255259
75%
46 + 221267
75%
16 + 266282
75%
98 + 192290
75%
35 + 265300
75%
3 + 297300
75%
23 + 277300
75%
61 + 242303
75%
8 + 296304
75%
42 + 268310
75%
62 + 263325
75%
4 + 321325
75%
1 + 324325
75%
7 + 323330
75%
77 + 265342
75%
88 + 256344
75%
18 + 327345
75%
133 + 212345
75%
35 + 312347
75%
107 + 240347
75%
65 + 289354
75%
17 + 348365
75%
49 + 320369
75%
7 + 366373
75%
76 + 306382
75%
25 + 368393
75%
57 + 341398
75%
104 + 296400
75%
37 + 369406
75%
134 + 277411
75%
122 + 301423
75%
12 + 3143
75%
99 + 333432
75%
205 + 233438
75%
27 + 417444
75%
81 + 368449
75%
63 + 395458
75%
202 + 257459
75%
13 + 3346
75%
78 + 383461
75%
42 + 426468
75%
18 + 2947
75%
8 + 462470
75%
6 + 465471
75%
14 + 469483
75%
57 + 432489
75%
17 + 474491
75%
26 + 468494
75%
76 + 427503
75%
148 + 355503
75%
89 + 424513
75%
176 + 339515
75%
19 + 3352
75%
24 + 499523
75%
44 + 481525
75%
154 + 378532
75%
79 + 456535
75%
84 + 457541
75%
2 + 5355
75%
47 + 508555
75%
61 + 497558
75%
25 + 538563
75%
5 + 573578
75%
172 + 406578
75%
65 + 518583
75%
5 + 580585
75%
18 + 573591
75%
154 + 439593
75%
78 + 517595
75%
15 + 583598
75%
20 + 579599
75%
21 + 4263
75%
19 + 6180
75%
36 + 5894
75%
78 + 91169
71%
54 + 129183
71%
15 + 267282
71%
118 + 186304
71%
9 + 305314
71%
97 + 277374
71%
18 + 433451
71%
4 + 529533
71%
124 + 420544
71%
14 + 585599
71%
14 + 8599
71%
44 + 73117
67%
2 + 115117
67%
17 + 107124
67%
2 + 158160
67%
1 + 166167
67%
26 + 148174
67%
4 + 1620
67%
77 + 126203
67%
42 + 173215
67%
32 + 192224
67%
93 + 136229
67%
2 + 251253
67%
50 + 207257
67%
83 + 176259
67%
79 + 181260
67%
85 + 177262
67%
7 + 269276
67%
14 + 274288
67%
4 + 285289
67%
74 + 219293
67%
28 + 266294
67%
22 + 278300
67%
127 + 179306
67%
57 + 253310
67%
123 + 196319
67%
18 + 303321
67%
48 + 275323
67%
111 + 229340
67%
86 + 260346
67%
90 + 259349
67%
66 + 291357
67%
36 + 326362
67%
6 + 379385
67%
151 + 236387
67%
31 + 369400
67%
18 + 385403
67%
77 + 334411
67%
118 + 305423
67%
59 + 365424
67%
123 + 315438
67%
121 + 320441
67%
7 + 440447
67%
121 + 328449
67%
4 + 453457
67%
17 + 458475
67%
3 + 479482
67%
1 + 491492
67%
156 + 348504
67%
54 + 454508
67%
4 + 515519
67%
58 + 463521
67%
82 + 445527
67%
34 + 496530
67%
159 + 373532
67%
189 + 356545
67%
21 + 525546
67%
1 + 5455
67%
42 + 509551
67%
54 + 512566
67%
14 + 560574
67%
237 + 344581
67%
2 + 587589
67%
20 + 4767
67%
37 + 255292
60%
69 + 314383
60%
37 + 385422
60%
134 + 318452
60%
219 + 266485
60%
40 + 448488
60%
5 + 501506
60%
28 + 517545
60%
3 + 562565
60%
28 + 123151
50%
34 + 147181
50%
59 + 135194
50%
49 + 162211
50%
56 + 187243
50%
28 + 246274
50%
68 + 209277
50%
3 + 294297
50%
27 + 290317
50%
4 + 341345
50%
3 + 354357
50%
6 + 363369
50%
10 + 369379
50%
65 + 354419
50%
21 + 416437
50%
51 + 403454
50%
28 + 428456
50%
30 + 490520
50%
55 + 481536
50%
35 + 512547
50%
257 + 292549
50%
136 + 255391
40%
25 + 139164
0%
6 + 192198
0%
18 + 190208
0%
111 + 124235
0%
2 + 300302
0%
1 + 465466
0%
58 + 478536
0%
260 + 323583
0%
8 + 581589
0%
4 + 7074
0%

Score Distribution

Percentile by Number Answered

Percent of People with Each Score

Your Score History

You have not taken this quiz